000 00326nam a2200097Ia 4500
008 220120s9999||||xx |||||||||||||| ||und||
100 _aBabu, Akhil, G and others
_912671
245 0 _aReplacement of mechanical cluth with fluid coupling in a shi
260 _aCoorg Institute of Technology
_bPonnampet
_c2017
650 _aMECHANICAL
999 _c138270
_d138270